| 000 | 00916nam a2200229 a 4500 | ||
|---|---|---|---|
| 001 | 86465 | ||
| 003 | BD-RjUL | ||
| 005 | 20260512143440.0 | ||
| 008 | 260512s2026 bg ||||| |||| 00| 0 ben d | ||
| 020 | _a97898439742411 | ||
| 035 | _a(BD-RjUL)86465 | ||
| 040 |
_aBD-RjUL _beng _cBD-RjUL |
||
| 041 | _aben | ||
| 082 |
_223 _a891.44092 _bHAS 2026 |
||
| 100 |
_aহামিদ, শামীমা _918447 |
||
| 245 |
_aসৈয়দ ওয়ালীউল্লাহ্ / _cশামীমা হামিদ |
||
| 260 |
_aঢাকা : _bসুচয়নী পাবলিশার্স, _c২০২৬ |
||
| 300 |
_a১২৭ পৃ.; _c১৯ সেমি. |
||
| 600 |
_aওয়ালীউল্লাহ্, সৈয়দ _xজীবন ও সাহিত্যকর্ম সমালোচনা _918448 |
||
| 600 |
_aWaliullah, Syed _xLife and literary criticism _918449 |
||
| 942 |
_2ddc _cBK |
||
| 999 |
_c86465 _d86465 |
||